Spojité metódy ekonomickej dynamiky

Vyšetrovanie spojených metód ekonomickej dynamiky. Podmienky rovnováhy, v ktorej premenné vyhovujú neoneskoreným podmienkam rovnováhy. Dynamika nerovnováhy a podmienky, ktoré musia byť nahradené nejakým prispôsobovacím mechanizmom.

Guardado en:
Detalles Bibliográficos
Autor principal: Jurga, Rastislav
Formato: Capítulo de libro
Lenguaje:eslovaco
Materias:
Etiquetas: Agregar Etiqueta
Sin Etiquetas, Sea el primero en etiquetar este registro!

MARC

LEADER 00000naa$a2200000$$$4500
001 0207062
005 20240502073435.8
041 0 |a slo 
044 |a SK 
245 1 0 |a Spojité metódy ekonomickej dynamiky  |c Rastislav Jurga 
520 |a Vyšetrovanie spojených metód ekonomickej dynamiky. Podmienky rovnováhy, v ktorej premenné vyhovujú neoneskoreným podmienkam rovnováhy. Dynamika nerovnováhy a podmienky, ktoré musia byť nahradené nejakým prispôsobovacím mechanizmom. 
610 2 0 |a dynamika ekonomiky 
610 2 0 |a rovnováha dynamická 
610 2 0 |a metódy kvantitatívne 
610 2 0 |a modelovanie 
610 2 0 |a ekonómia matematická 
100 1 |a Jurga, Rastislav